Súčasný stav ozdravenia výživy obyvateľstva SR
Rozdiely medzi súčasným a minulým stavom výživy obyvateľstva. Program ozdravenia výživy ako súčasť Národného programu podpory zdravia (NPPZ). Príprava programu. Postup realizácie programu. Postup a ďalšia kontrola programu.
Salvato in:
| Autore principale: | |
|---|---|
| Natura: | Capitolo di libro |
| Lingua: | slovacco |
| Soggetti: | |
| Tags: |
Nessun Tag, puoi essere il primo ad aggiungerne!!
|
MARC
| LEADER | 00000naa a2200000 4500 | ||
|---|---|---|---|
| 001 | r020894 | ||
| 005 | 20230602074213.5 | ||
| 041 | 0 | |a slo | |
| 044 | |a SK | ||
| 245 | 1 | 0 | |a Súčasný stav ozdravenia výživy obyvateľstva SR |c R. Šimončič |
| 520 | |a Rozdiely medzi súčasným a minulým stavom výživy obyvateľstva. Program ozdravenia výživy ako súčasť Národného programu podpory zdravia (NPPZ). Príprava programu. Postup realizácie programu. Postup a ďalšia kontrola programu. | ||
| 610 | 2 | 0 | |a výživa |
| 610 | 2 | 0 | |a obyvateľstvo |
| 610 | 2 | 0 | |a zdravie |
| 610 | 2 | 0 | |a potraviny |
| 610 | 2 | 0 | |a programy vládne |
| 610 | 2 | 0 | |a Slovensko |
| 100 | 1 | |a Šimončič, Róbert | |